Peter Prevc - quiz wielokrotnego wyboru - Statystyki

Ogólne statystyki
  • Ten quiz został rozwiązany 20 razy
  • Średni wynik to 7 z 10
Statystyki odpowiedzi
Zagadnienie Odpowiedź % Poprawnych
Prawda/Fałsz. Peter jest najmłodszy z braci Prevców. Fałsz
95%
W którym roku Peter Prevc zakończył karierę? 2024
84%
Peter Prevc jest pierwszym skoczkiem na świecie, który skoczył... 250 m
84%
Kiedy urodził się Peter Prevc? W 1992
84%
Kiedy zadebiutował w Pucharze Świata? 2009
74%
Jaki był to medal? Drużynowy
74%
W którym sezonie zdobył Kryształową Kulę? 2015/2016
68%
Na jakiej Olimpiadzie Peter zdobył złoty medal? Pekin 2022
68%
Gdzie po raz pierwszy stanął na podium Pucharu Świata? W Planicy
47%
Ile razy był Mistrzem Świata w Lotach? (licząc drużynowo i indywidualnie) 3
37%
Nie znaleziono quizów pasujących do podanych kryteriów
Rozkład punktacji
Procent ludzi z każdym wynikiem
Percentyl według liczby udzielonych odpowiedzi
Twoja historia wyników
Nie rozwiązałeś tego quizu